000 00376pab a2200157 454500
008 180718b2012 xxu||||| |||| 00| 0 eng d
100 _aRangaswamy, D.
245 _aGender mainstreaming: a concrete way for social inclusion
260 _c2012
300 _ap.297-313.
362 _aJul-Sep
650 _aWomen
773 _aSocial Action
908 _aN
909 _a97038
999 _c97038
_d97038